[Event "?"]
[Site "?"]
[Date "????.??.??"]
[Round "?"]
[White "Gerasimov, A."]
[Black "Shajakhmetov, L."]
[Result "1-0"]
[WhiteElo "2175"]
[BlackElo "2013"]
[PlyCount "83"]
[EventDate "27.??.??"]

1. d4 d6 2. e4 Nf6 3. Nc3 e5 4. Nf3 Nbd7 5. Bc4 Be7 6. O-O O-O 7. a4 c6 8. Qe2
a5 9. Rd1 Qb6 10. h3 h6 11. Rb1 Re8 12. Be3 Qc7 13. Ba2 exd4 14. Nxd4 Nc5 15.
f3 Bf8 16. Qf2 Be6 17. Nxe6 Nxe6 18. Rd2 Kh8 19. Rbd1 Nd7 20. Qg3 Rad8 21. Kh1
Nf6 22. Qf2 Nd7 23. Ne2 Ndc5 24. Bxe6 fxe6 25. Bxc5 dxc5 26. Qg3 e5 27. Qg6
Rxd2 28. Rxd2 Rd8 29. Rxd8 Qxd8 30. Qf7 b5 31. Ng3 c4 32. Nf5 Qf6 33. Qxf6 gxf6
34. b3 cxb3 35. cxb3 bxa4 36. bxa4 Kh7 37. Kg1 c5 38. Ne3 Kg6 39. Kf1 Bd6 40.
Ke2 Kf7 41. Kd3 Ke6 42. Kc4 1-0

[Event "?"]
[Site "?"]
[Date "????.??.??"]
[Round "?"]
[White "Anfinogenov, A."]
[Black "Strekalovski, V."]
[Result "1-0"]
[WhiteElo "2035"]
[BlackElo "2096"]
[PlyCount "63"]
[EventDate "27.??.??"]

1. d4 c6 2. Nf3 Qc7 3. e4 d6 4. Nc3 Bg4 5. h3 Bh5 6. g4 Bg6 7. Nh4 e5 8. f4 Be7
9. g5 exf4 10. Bxf4 Nd7 11. Qg4 a6 12. O-O-O b5 13. Nxg6 hxg6 14. e5 b4 15. Ne4
Qa5 16. exd6 Qxa2 17. dxe7 Qa1+ 18. Kd2 Qxb2 19. Bd3 Nxe7 20. Nd6+ Kf8 21. Qxd7
Qc3+ 22. Ke2 Qxd4 23. Rhf1 Qa7 24. Qxa7 Rxa7 25. Be3 Rd7 26. Nxf7 Rxh3 27. Ne5+
Ke8 28. Nxd7 Rh2+ 29. Rf2 Rxf2+ 30. Kxf2 a5 31. Ne5 Ng8 32. Ke1 1-0

[Event "?"]
[Site "?"]
[Date "????.??.??"]
[Round "?"]
[White "Denisov, D."]
[Black "Sponheim, M."]
[Result "1-0"]
[WhiteElo "1965"]
[BlackElo "2093"]
[PlyCount "83"]
[EventDate "27.??.??"]

1. Nf3 c5 2. g3 Nc6 3. Bg2 Nf6 4. O-O e5 5. d3 Be7 6. e4 O-O 7. Re1 h6 8. Nc3
d6 9. h3 Be6 10. Kh2 Qc7 11. Bd2 Rad8 12. Nb5 Qb8 13. c4 a6 14. Nc3 b5 15. b3
Kh7 16. Nh4 Ng8 17. Nf5 Bf6 18. Nd5 Bxd5 19. cxd5 Nce7 20. Ne3 g6 21. h4 Bg7
22. h5 Nf6 23. Bf3 Kh8 24. hxg6 fxg6 25. Kg2 Neg8 26. Rh1 Qc7 27. Qe2 Qf7 28.
b4 cxb4 29. Bxb4 Qd7 30. Rac1 Rc8 31. Qd2 Kh7 32. Ba3 Rfd8 33. Qa5 Ne7 34. Rxc8
Qxc8 35. Rc1 Qa8 36. Rc7 Bf8 37. Qb6 Ne8 38. Ra7 Qb8 39. Rxa6 Qxb6 40. Rxb6 Ra8
41. Nc2 Ra5 42. Rb8 1-0

[Event "?"]
[Site "?"]
[Date "????.??.??"]
[Round "?"]
[White "Babarykin, S."]
[Black "Pakhomov, A."]
[Result "1-0"]
[WhiteElo "2319"]
[BlackElo "2377"]
[PlyCount "115"]
[EventDate "2013.??.??"]

1. e4 c5 2. Nf3 d6 3. d4 cxd4 4. Nxd4 Nf6 5. Nc3 g6 6. Be3 Bg7 7. f3 O-O 8. Qd2
Nc6 9. Bc4 Ne5 10. Bb3 Bd7 11. h4 h5 12. O-O-O Rc8 13. Bg5 Nc4 14. Qe2 Na5 15.
Qe3 Nxb3+ 16. Nxb3 Qc7 17. Rd2 Be6 18. Kb1 a5 19. Nd4 Bc4 20. a4 Rfd8 21. b3
Ba6 22. Bxf6 Qxc3 23. Qxc3 Rxc3 24. Bxe7 Rd7 25. Bg5 d5 26. Nb5 Bxb5 27. axb5
a4 28. Rxd5 Rxd5 29. exd5 axb3 30. Rc1 b2 31. Kxb2 Kf8 32. Ka2 Ke8 33. Bd2 Rc4
34. g3 Bf8 35. c3 Ra4+ 36. Kb3 Ra3+ 37. Kc4 Bd6 38. f4 Kd7 39. Be3 Ra2 40. Bd4
Rg2 41. Rg1 Rd2 42. Re1 Rg2 43. Re3 Rb2 44. Bc5 Rg2 45. Rf3 Re2 46. Bd4 Rg2 47.
Kb3 Rd2 48. Rf2 Rd3 49. Rg2 Rf3 50. Rg1 Be7 51. b6 Bd6 52. Kc2 f6 53. Kd2 g5
54. hxg5 fxg5 55. fxg5 Rf5 56. g6 Rg5 57. g7 Bxg3 58. Rf1 1-0

[Event "?"]
[Site "?"]
[Date "????.??.??"]
[Round "?"]
[White "Meshkov, I."]
[Black "Checiak, K."]
[Result "1/2-1/2"]
[WhiteElo "2363"]
[BlackElo "2149"]
[PlyCount "95"]
[EventDate "2013.??.??"]

1. g3 e5 2. c4 Nf6 3. Bg2 d5 4. cxd5 Nxd5 5. Nc3 Nb6 6. Nf3 Nc6 7. O-O Be6 8.
d3 Be7 9. Be3 O-O 10. Ne4 f6 11. Nc5 Bxc5 12. Bxc5 Rf7 13. b4 Qd7 14. b5 Ne7
15. a4 Nbd5 16. e4 Nb6 17. d4 exd4 18. Nxd4 Bh3 19. Qb3 Bxg2 20. Kxg2 Ng6 21.
Rad1 Qe8 22. Rfe1 Kh8 23. a5 Nd7 24. Ba3 Ndf8 25. a6 bxa6 26. bxa6 Rd7 27. Bc5
c6 28. f4 Rad8 29. Qc4 Ne6 30. Nxe6 Rxd1 31. Nxd8 Rxd8 32. Bxa7 Qd7 33. Bf2 Qg4
34. Kh1 Rd2 35. Qb3 h5 36. Qe3 Ra2 37. a7 h4 38. gxh4 c5 39. Bg3 Rxa7 40. Qf2
Ra3 41. e5 Rf3 42. Qg2 Nxf4 43. Bxf4 Qxf4 44. e6 Re3 45. Rxe3 Qxe3 46. Qa8+ Kh7
47. Qe8 Qe2 48. Kg1 1/2-1/2

[Event "?"]
[Site "?"]
[Date "????.??.??"]
[Round "?"]
[White "Gerasimova, O."]
[Black "Markov, I."]
[Result "0-1"]
[WhiteElo "2089"]
[BlackElo "1917"]
[PlyCount "106"]
[EventDate "2013.??.??"]

1. e4 d5 2. exd5 Nf6 3. d4 Nxd5 4. c4 Nf6 5. Nc3 g6 6. Be2 Bg7 7. Be3 c6 8. h3
Nbd7 9. Nf3 Qc7 10. Qd2 a6 11. O-O O-O 12. Bh6 Rd8 13. Bxg7 Kxg7 14. Rad1 b5
15. b3 Bb7 16. Qe3 Re8 17. Ne5 b4 18. Na4 e6 19. Bf3 Rac8 20. Rfe1 Red8 21. h4
Re8 22. c5 Rcd8 23. Qf4 Nxe5 24. dxe5 Nd5 25. Bxd5 exd5 26. Qxb4 Bc8 27. Qf4
Re6 28. Qg3 Rde8 29. f4 R6e7 30. Kf2 Bf5 31. Rh1 h5 32. Qc3 Kg8 33. g3 f6 34.
Rhe1 fxe5 35. Rxe5 Rxe5 36. fxe5 Qxe5 37. Re1 Qxe1+ 38. Qxe1 Rxe1 39. Kxe1 Kf7
40. Nc3 Kf6 41. Kd2 Ke5 42. a3 Kd4 43. Na4 Bg4 44. b4 Ke4 45. Nb2 Kf3 46. Nd3
Kxg3 47. Ne5 Kxh4 48. Nxc6 Kg3 49. Ne5 Bf5 50. a4 h4 51. Ke3 h3 52. Nf3 Be4 53.
Ng5 h2 0-1

[Event "?"]
[Site "?"]
[Date "????.??.??"]
[Round "?"]
[White "Krylov, S."]
[Black "Balberov, A."]
[Result "0-1"]
[WhiteElo "2297"]
[BlackElo "2366"]
[PlyCount "130"]
[EventDate "2013.??.??"]

1. e4 c5 2. Nf3 e6 3. d4 cxd4 4. Nxd4 a6 5. Bd3 Nc6 6. Nxc6 dxc6 7. O-O e5 8.
Nd2 Qc7 9. a4 Nf6 10. Nc4 Bc5 11. a5 Be6 12. Qe1 O-O 13. b4 Bd4 14. c3 Ba7 15.
Bg5 Nh5 16. Qe2 Nf4 17. Bxf4 exf4 18. Nb2 Qe5 19. Rac1 Rae8 20. Qf3 Bb8 21.
Rfe1 Qg5 22. h3 Ba7 23. Kf1 Rd8 24. Red1 Qh6 25. Nc4 g5 26. Kg1 Qh4 27. Be2 Qg3
28. Nd6 Rd7 29. c4 Qxf3 30. Bxf3 f6 31. c5 Bb8 32. Rd4 Rfd8 33. Rcd1 Bc7 34.
Kf1 Kf8 35. Bg4 Bxg4 36. hxg4 Bxd6 37. cxd6 Kf7 38. Ke2 Ke6 39. Rh1 Ke5 40. Rd3
Ke6 41. Kf3 Rf7 42. e5 fxe5 43. Ke4 Rdd7 44. Rhd1 Rf6 45. R3d2 Rh6 46. Rd3 Rh4
47. Kf3 h5 48. gxh5 g4+ 49. Ke4 Rxh5 50. g3 fxg3 51. Rxg3 Rh4 52. Rd2 Rxd6 53.
Rxd6+ Kxd6 54. Kf5 Kd5 55. Rd3+ Kc4 56. Rd7 Kxb4 57. Rxb7+ Kxa5 58. Kxe5 Rh2
59. Rf7 Kb5 60. Kd4 c5+ 61. Kd5 Rh5+ 62. Ke4 Rh8 63. Rb7+ Kc4 64. Ra7 Rf8 65.
Ke3 Rf6 0-1

[Event "?"]
[Site "?"]
[Date "????.??.??"]
[Round "?"]
[White "Gunajew, R."]
[Black "Inaganti, A."]
[Result "1-0"]
[WhiteElo "2296"]
[BlackElo "2023"]
[PlyCount "71"]
[EventDate "2013.??.??"]

1. e4 e6 2. Nf3 d5 3. e5 c5 4. c3 Nc6 5. Na3 Nh6 6. Nc2 Be7 7. d4 Nf5 8. Be2
O-O 9. O-O cxd4 10. cxd4 Nh4 11. Nxh4 Bxh4 12. a4 Be7 13. Bd2 Bd7 14. b4 f6 15.
b5 Na5 16. exf6 Rxf6 17. Bd3 Nb3 18. Rb1 Nxd2 19. Qxd2 Bd6 20. f4 Qc7 21. g3
Rc8 22. Rb3 e5 23. fxe5 Rxf1+ 24. Kxf1 Bh3+ 25. Kg1 Be7 26. Ne1 Rf8 27. Be2 Qd7
28. Rf3 Rxf3 29. Bxf3 Be6 30. Nd3 b6 31. Qc3 g5 32. Qc6 Qxc6 33. bxc6 Kf7 34.
c7 Ke8 35. Bxd5 Bc8 36. Bc6+ 1-0

[Event "?"]
[Site "?"]
[Date "????.??.??"]
[Round "?"]
[White "Scerbin, D."]
[Black "Dukaczewski, P."]
[Result "0-1"]
[WhiteElo "2369"]
[BlackElo "2280"]
[PlyCount "40"]
[EventDate "2013.??.??"]

1. e4 c6 2. d4 d5 3. exd5 cxd5 4. Bd3 Nc6 5. c3 Nf6 6. Bg5 Ne4 7. Bf4 Bf5 8. g4
Bg6 9. h4 e5 10. dxe5 Qb6 11. Nh3 Qxb2 12. Qb3 Nc5 13. Qxb2 Nxd3+ 14. Ke2 Nxb2
15. h5 Bd3+ 16. Kd2 Be7 17. a4 Be4 18. Rg1 Nc4+ 19. Ke2 d4 20. f3 d3+ 0-1

[Event "?"]
[Site "?"]
[Date "????.??.??"]
[Round "?"]
[White "Obodchuk, A."]
[Black "Stachanczyk, J."]
[Result "1/2-1/2"]
[WhiteElo "2414"]
[BlackElo "2229"]
[PlyCount "70"]
[EventDate "2013.??.??"]

1. Nf3 d5 2. d4 Nf6 3. c4 c6 4. Nc3 dxc4 5. g3 Nbd7 6. Bg2 Nb6 7. O-O g6 8. e4
Bg7 9. a4 a5 10. h3 O-O 11. Be3 Nfd7 12. Qe2 Nb8 13. Rfd1 Na6 14. Ne5 Nb4 15.
Rd2 Be6 16. Rad1 Qc8 17. g4 Qc7 18. Bf4 Qc8 19. d5 cxd5 20. exd5 Nd3 21. Nxd3
cxd3 22. Rxd3 Bd7 23. Rc1 Qc4 24. Bg5 Nxa4 25. Bxe7 Nxc3 26. bxc3 Rfe8 27. Re3
Qxe2 28. Rxe2 Bf6 29. d6 Ra7 30. c4 b6 31. Rb1 a4 32. Rxb6 a3 33. Ra2 Bxe7 34.
dxe7 Rxe7 35. Bd5 Be6 1/2-1/2

[Event "?"]
[Site "?"]
[Date "????.??.??"]
[Round "?"]
[White "Ghadimi, M."]
[Black "Mackowiak, M."]
[Result "1-0"]
[WhiteElo "2146"]
[BlackElo "2174"]
[PlyCount "131"]
[EventDate "2013.??.??"]

1. e4 e5 2. Nf3 d6 3. d4 exd4 4. Nxd4 g6 5. Nc3 Bg7 6. Be3 Nf6 7. Qd2 O-O 8.
O-O-O Re8 9. f3 a6 10. g4 Nc6 11. g5 Nd7 12. h4 Nde5 13. Be2 Nxd4 14. Bxd4 Be6
15. f4 c5 16. Be3 Ng4 17. f5 Bxf5 18. exf5 Bxc3 19. Qxc3 Nxe3 20. fxg6 hxg6 21.
Rdg1 Qe7 22. Bf3 d5 23. h5 d4 24. Qd3 Nf5 25. hxg6 fxg6 26. Kb1 Kg7 27. Bg4 Qe6
28. Rf1 Rh8 29. Rhg1 Raf8 30. Re1 Qd6 31. Bxf5 gxf5 32. Rgf1 Kg6 33. Qb3 Re8
34. Rxe8 Rxe8 35. Qh3 Qf8 36. Rh1 f4 37. Qh5+ Kf5 38. a3 Ke6 39. g6 Kd6 40. g7
Qe7 41. Qg6+ Qe6 42. Rh6 Qxg6 43. Rxg6+ Ke5 44. g8=Q Rxg8 45. Rxg8 f3 46. Kc1
c4 47. Kd2 b5 48. Ke1 d3 49. cxd3 cxd3 50. Kd2 Ke4 51. Re8+ Kd4 52. Re3 f2 53.
Rf3 Kc4 54. Rxf2 Kb3 55. Kxd3 a5 56. Rh2 b4 57. axb4 axb4 58. Kd4 Ka2 59. Kc4
b3 60. Rh3 Kb1 61. Rxb3 Kc2 62. Rd3 Kxb2 63. Rd2+ Kb1 64. Kb3 Kc1 65. Rd3 Kb1
66. Rd1# 1-0

[Event "?"]
[Site "?"]
[Date "????.??.??"]
[Round "?"]
[White "Mansursky, S."]
[Black "Suder, R."]
[Result "0-1"]
[WhiteElo "1751"]
[BlackElo "2131"]
[PlyCount "110"]
[EventDate "2013.??.??"]

1. Nf3 Nf6 2. c4 g6 3. d4 Bg7 4. Nc3 d5 5. g3 O-O 6. cxd5 Nxd5 7. Bg2 c5 8. e3
Nc6 9. O-O Nxc3 10. bxc3 Be6 11. Ng5 Bc4 12. Re1 e5 13. d5 Na5 14. e4 h6 15.
Nf3 Qd7 16. Nd2 Ba6 17. g4 b6 18. h3 Rad8 19. Qc2 Kh8 20. c4 f5 21. gxf5 gxf5
22. f3 f4 23. Bb2 Bf6 24. Kh1 Rg8 25. Re2 Rg5 26. Rc1 Rdg8 27. Qd1 Kh7 28. Qf1
Qf7 29. Rf2 Bc8 30. Nb3 Nb7 31. Qe2 Nd6 32. Nd2 Qh5 33. Kh2 Rg3 34. Qf1 Rxg2+
35. Rxg2 Bxh3 36. Rg7+ Rxg7 37. Qxh3 Qg6 38. Rh1 Nf7 39. Qg4 Qxg4 40. fxg4 Rxg4
41. Rg1 h5 42. Nf3 Kg6 43. Kh3 Rxg1 44. Nxg1 Ng5+ 45. Kg2 Nxe4 46. Nf3 Kf5 47.
Kh3 Nd6 48. Nd2 Bg5 49. Nf3 Bf6 50. Nd2 e4 51. Bxf6 Kxf6 52. Kh4 e3 53. Nf3
Nxc4 54. Kxh5 Kf5 55. Kh4 Nd2 0-1

[Event "?"]
[Site "?"]
[Date "????.??.??"]
[Round "?"]
[White "Krause, S."]
[Black "Zimmermann, F."]
[Result "0-1"]
[WhiteElo "1961"]
[BlackElo "1844"]
[PlyCount "56"]
[EventDate "2013.??.??"]

1. d4 d5 2. c4 e6 3. Nc3 c6 4. Nf3 Nf6 5. Bg5 Be7 6. e3 Nbd7 7. Qc2 O-O 8. Rd1
b6 9. cxd5 exd5 10. Bd3 Bb7 11. O-O Re8 12. Ne5 h6 13. Bh4 Nxe5 14. dxe5 Ng4
15. Bg3 Bh4 16. Qa4 Bxg3 17. fxg3 Nxe5 18. Bb1 Nd7 19. Qc2 Nf6 20. Rd4 c5 21.
Rdf4 g6 22. Rd1 Qe7 23. a4 Rad8 24. Ba2 Kg7 25. a5 g5 26. Rf5 d4 27. exd4 cxd4
28. Nb5 Be4 0-1

[Event "?"]
[Site "?"]
[Date "????.??.??"]
[Round "?"]
[White "Falkowski, D."]
[Black "Wenzel, A."]
[Result "1-0"]
[WhiteElo "2013"]
[BlackElo "1841"]
[PlyCount "47"]
[EventDate "2013.??.??"]

1. e4 e5 2. Nf3 d6 3. Bc4 Be7 4. d4 Nf6 5. dxe5 Nxe4 6. Bxf7+ Kxf7 7. Qd5+ Be6
8. Qxe4 d5 9. Qf4+ Ke8 10. Nd4 Rf8 11. Qe3 Bc5 12. O-O Qh4 13. Nf3 Bxe3 14.
Nxh4 Bxc1 15. Rxc1 Nd7 16. Nc3 Nb6 17. Rd1 a6 18. Rd3 g5 19. Nf3 h6 20. Nd4 Kd7
21. Rad1 c5 22. Nxe6 Kxe6 23. Nxd5 Nc4 24. Nc7+ 1-0

[Event "?"]
[Site "?"]
[Date "????.??.??"]
[Round "?"]
[White "Huss, R."]
[Black "Rudolf, T."]
[Result "1-0"]
[WhiteElo "2150"]
[BlackElo "1931"]
[PlyCount "81"]
[EventDate "2013.??.??"]

1. d4 d5 2. c4 c6 3. Nf3 Nf6 4. Nc3 a6 5. Qc2 dxc4 6. e4 b5 7. e5 Nd5 8. a4
Nxc3 9. bxc3 e6 10. Ng5 Bb7 11. Rb1 h6 12. Ne4 Qc7 13. Be2 Nd7 14. O-O Nb6 15.
a5 Nd5 16. f4 c5 17. f5 O-O-O 18. fxe6 fxe6 19. Bg4 Qc6 20. Rf7 cxd4 21. cxd4
Nb4 22. Rxb4 Bxb4 23. Nd6+ Bxd6 24. Bf3 Qe8 25. Rxb7 Bb8 26. Ba3 Rxd4 27. Re7
Qg8 28. Qe2 Rd7 29. Qe4 Rxe7 30. Bxe7 Kd7 31. Qb7+ Bc7 32. Bc6+ Kxe7 33. Qxc7+
Kf8 34. Qd8+ Kf7 35. Qd7+ Kg6 36. Be4+ Kg5 37. Qd2+ Kh5 38. Qe2+ Kg5 39. Qe3+
Kh5 40. Qh3+ Kg5 41. Qg3+ 1-0

[Event "?"]
[Site "?"]
[Date "????.??.??"]
[Round "?"]
[White "Hoyer, O."]
[Black "Kevorkov, A."]
[Result "0-1"]
[WhiteElo "1889"]
[BlackElo "2212"]
[PlyCount "138"]
[EventDate "2013.??.??"]

1. d4 d5 2. Nf3 Nf6 3. Bf4 e6 4. e3 Bd6 5. Bxd6 Qxd6 6. c3 Nbd7 7. Nbd2 b6 8.
Bd3 Bb7 9. O-O h6 10. Re1 Ne4 11. Qe2 f5 12. c4 O-O 13. cxd5 exd5 14. Nf1 Rae8
15. Rac1 c6 16. a3 g5 17. N3d2 Qf6 18. f3 Nd6 19. Qf2 c5 20. b3 Re7 21. Bb1
cxd4 22. exd4 Rxe1 23. Rxe1 Nb5 24. Ne3 Nxd4 25. b4 b5 26. Rc1 f4 27. Ng4 Qb6
28. Nxh6+ Kg7 29. Nf5+ Nxf5 30. Qxb6 Nxb6 31. Rc7+ Rf7 32. Rxf7+ Kxf7 33. Bxf5
Nc4 34. Nb1 Kf6 35. Bh7 Ke5 36. Kf2 Bc8 37. Ke2 a6 38. g3 d4 39. g4 Bb7 40. Bf5
Ne3 41. Bd3 Bd5 42. Nd2 Nc4 43. Nb1 Nb2 44. Bf5 d3+ 45. Kf2 Kd4 46. Bc8 Nc4 47.
Bxa6 d2 48. Nxd2 Nxd2 49. Bxb5 Bxf3 50. Bd7 Bd5 51. b5 Ne4+ 52. Kf1 Kc5 53. a4
Bb3 54. Kg2 Nf6 55. Bf5 Bd5+ 56. Kg1 Kb4 57. b6 Bb7 58. h4 gxh4 59. g5 Nh5 60.
Bd7 Ka5 61. Kh2 f3 62. Bb5 Nf4 63. Kg1 Kxb6 64. Kf2 Nh3+ 65. Ke3 Nxg5 66. Kf4
h3 67. Kg3 Ba6 68. Bd7 h2 69. Kxh2 f2 0-1

[Event "?"]
[Site "?"]
[Date "????.??.??"]
[Round "?"]
[White "Kireeva, L."]
[Black "Tillmann, M."]
[Result "1-0"]
[WhiteElo "2061"]
[BlackElo "1973"]
[PlyCount "73"]
[EventDate "2013.??.??"]

1. e4 e6 2. d4 d5 3. e5 c5 4. c3 Qb6 5. a3 Nc6 6. Nf3 a5 7. b3 Bd7 8. Be2 f6 9.
O-O Qc7 10. Re1 fxe5 11. dxe5 g6 12. Bf4 Bg7 13. Bb5 Nge7 14. Nbd2 O-O 15. Bg3
Nf5 16. Bxc6 Bxc6 17. Nf1 Bh6 18. Nh4 Nxg3 19. hxg3 Rad8 20. Qg4 Qf7 21. f4 d4
22. c4 Kh8 23. Rad1 Rd7 24. Nd2 d3 25. Nhf3 Rfd8 26. a4 Qf5 27. Qh4 b6 28. Qxh6
Qg4 29. Kf2 Rf7 30. Rh1 Rdd7 31. Rh4 Qf5 32. Ke3 Rf8 33. Rdh1 Bxf3 34. gxf3
Rff7 35. Ne4 d2 36. Nf6 Rxf6 37. Qxh7+ 1-0

[Event "?"]
[Site "?"]
[Date "????.??.??"]
[Round "?"]
[White "Mende, H."]
[Black "Turkeeva, Y."]
[Result "0-1"]
[WhiteElo "1730"]
[BlackElo "2039"]
[PlyCount "48"]
[EventDate "2013.??.??"]

1. d4 d5 2. c4 e6 3. Nc3 Be7 4. Nf3 Nf6 5. e3 O-O 6. Be2 a6 7. b3 b6 8. cxd5
Nxd5 9. Nxd5 Qxd5 10. O-O Bb7 11. Qc2 Qd8 12. Rd1 Nd7 13. Bb2 Rc8 14. Rac1 Bd6
15. h3 f5 16. Ne5 Nf6 17. Bc4 Nd5 18. Qe2 b5 19. Bd3 Qe8 20. Bb1 Rf6 21. Nd3
Rg6 22. f3 Rg3 23. Ne1 Qh5 24. Rd2 Qxh3 0-1

[Event "?"]
[Site "?"]
[Date "????.??.??"]
[Round "?"]
[White "Alchinidi, Y."]
[Black "Zimmer, R."]
[Result "0-1"]
[WhiteElo "1997"]
[BlackElo "1424"]
[PlyCount "76"]
[EventDate "2013.??.??"]

1. e4 e5 2. Nf3 Nc6 3. Bc4 Bc5 4. c3 Nf6 5. b4 Bb6 6. d3 d6 7. a4 a5 8. b5 Ne7
9. Bg5 Ng6 10. h3 h6 11. Bd2 O-O 12. O-O c6 13. Na3 d5 14. exd5 cxd5 15. Bb3
Bf5 16. Re1 e4 17. dxe4 dxe4 18. Nh2 Ne5 19. Nc4 Nxc4 20. Bxc4 Bc7 21. Ng4 Nxg4
22. hxg4 Bg6 23. g3 Qe7 24. Bf1 Rad8 25. Qe2 Bb6 26. Be3 Bxe3 27. Qxe3 Rfe8 28.
Qb6 Qe6 29. Qxa5 Qxg4 30. c4 h5 31. Re3 f5 32. Kh2 f4 33. Bh3 Qg5 34. gxf4
Qxf4+ 35. Kg1 Rf8 36. Rf1 Rd1 37. Ree1 e3 38. Rxd1 exf2+ 0-1

[Event "?"]
[Site "?"]
[Date "????.??.??"]
[Round "?"]
[White "Napierala, M."]
[Black "Kurochkina, E."]
[Result "1-0"]
[WhiteElo "1737"]
[BlackElo "1812"]
[PlyCount "135"]
[EventDate "2013.??.??"]

1. e4 e6 2. d4 d5 3. exd5 exd5 4. Nf3 Nf6 5. Be2 Be7 6. O-O O-O 7. Re1 h6 8.
Nc3 Bf5 9. Bd3 Bxd3 10. Qxd3 Nc6 11. Ne5 Bd6 12. Bf4 Nb4 13. Qf5 Qc8 14. Qxc8
Raxc8 15. Re2 Nh5 16. Be3 c6 17. a3 Na6 18. Rae1 Nc7 19. Nd3 Ne6 20. b4 Nf6 21.
h3 Nd7 22. Na4 b6 23. c3 Nf6 24. f3 Nh5 25. Ne5 Rfe8 26. Nb2 f6 27. Ng6 Kf7 28.
Nh4 Bg3 29. Bf2 Bxf2+ 30. Kxf2 Nhf4 31. Re3 c5 32. Nf5 Red8 33. dxc5 bxc5 34.
g3 Nxh3+ 35. Kg2 Nhg5 36. f4 Ne4 37. c4 cxb4 38. axb4 Rc6 39. b5 Rc5 40. cxd5
Rc2+ 41. Kg1 N6c5 42. Nd3 Nxd3 43. Rxd3 Nc5 44. Rde3 Rxd5 45. Re7+ Kg6 46. g4
Rd7 47. Rxd7 Nxd7 48. Re7 Rc1+ 49. Kf2 Rc2+ 50. Ke1 Kh7 51. Rxg7+ Kh8 52. Rxd7
Rb2 53. Rxa7 Rxb5 54. Nxh6 Rb4 55. f5 Rb2 56. g5 fxg5 57. f6 Rb8 58. Nf5 Rf8
59. f7 Kh7 60. Re7 Kg6 61. Nd6 Kf6 62. Re8 Kg7 63. Rxf8 Kxf8 64. Kf2 Ke7 65.
Kg3 Kf8 66. Kg4 Kg7 67. Kxg5 Kf8 68. Kg6 1-0

[Event "?"]
[Site "?"]
[Date "????.??.??"]
[Round "?"]
[White "Varezhkin, V."]
[Black "Vasquez, G."]
[Result "1-0"]
[WhiteElo "2182"]
[BlackElo "2013"]
[PlyCount "75"]
[EventDate "2013.??.??"]

1. Nf3 Nf6 2. d4 g6 3. g3 Bg7 4. Bg2 O-O 5. c4 d6 6. O-O Nbd7 7. Nc3 e5 8. e4
Re8 9. Re1 a6 10. h3 Rb8 11. a4 exd4 12. Nxd4 Ne5 13. b3 c5 14. Nc2 Be6 15. Ne3
Nc6 16. Rb1 Nd4 17. Nc2 Nd7 18. Nxd4 Bxd4 19. Ne2 Be5 20. f4 Bg7 21. Qxd6 b5
22. axb5 axb5 23. g4 f5 24. exf5 gxf5 25. Ng3 Rb6 26. Bc6 Bf8 27. Qxe6+ Rxe6
28. Bd5 fxg4 29. Rxe6 Rxe6 30. Bxe6+ Kg7 31. Bb2+ Kg6 32. hxg4 Qh4 33. Kg2 Qe7
34. f5+ Kg5 35. Kf3 Nf6 36. Be5 Qb7+ 37. Bd5 Nxd5 38. Ne4+ 1-0